000 00821cam a2200253 a 4500
001 1916796
003 ARRUPE
005 20140131140225.0
008 850917s1986 nyua b 000 0 eng
010 _a 85062869
020 _a0809127520 (pbk.) :
_c$11.95
040 _aDLC
_cDLC
_dDLC
050 0 0 _aBV4527
_b.W595 1986
082 0 0 _a248/.088042
_219
245 0 0 _aWomen's spirituality :
_bresources for Christian development /
_cedited by Joann Wolski Conn.
260 _aNew York :
_bPaulist Press,
_cc1986.
300 _aviii, 327 p. :
_bill. ;
_c23 cm.
504 _aIncludes bibliographies.
650 0 _aChristian women
_xReligious life.
_97581
650 0 _aWomen
_xPsychology.
_97582
700 1 _aConn, Joann Wolski.
_97583
906 _a7
_bcbc
_corignew
_d3
_eopcn
_f19
_gy-gencatlg
942 _2lcc
_cMONOGRAPH
999 _c119844
_d119844